Historia de Francia / (Record no. 28414)

MARC details
000 -LEADER
campo de control de longitud fija 00639nam a2200181 i 4500
001 - NÚMERO DE CONTROL
campo de control 28414
003 - IDENTIFICADOR DE NÚMERO DE CONTROL
campo de control ES-MaACL
005 - FECHA Y HORA DE LA ÚLTIMA TRANSACCIÓN
campo de control 20250815000204.0
007 - CAMPO FIJO DE DESCRIPCIÓN FÍSICA--INFORMACIÓN GENERAL
campo de control de longitud fija t|
008 - DATOS DE LONGITUD FIJA--INFORMACIÓN GENERAL
campo de control de longitud fija 030117s1943 sp ||||1| spa d
100 1# - ENTRADA PRINCIPAL--NOMBRE DE PERSONA
Nombre de persona Bainville, Jacques,
Fechas asociadas al nombre 1879-1936
9 (RLIN) 24735
245 10 - MENCIÓN DEL TÍTULO
Título Historia de Francia /
Mención de responsabilidad, etc. Jacques Bainville ; traducción del francés por J. Farrán Mayoral.
260 ## - PUBLICACIÓN, DISTRIBUCIÓN, ETC.
Lugar de publicación, distribución, etc. Barcelona :
Nombre del editor, distribuidor, etc. Iberia :
-- Joaquín Gil,
Fecha de publicación, distribución, etc. [1943] (
Fabricante Talls. Gráfs. A. Núñez)
300 ## - DESCRIPCIÓN FÍSICA
Extensión 440 p., 32 lám. :
Otras características físicas 10 map. ;
Dimensiones 25 cm.
700 1# - ENTRADA AGREGADA--NOMBRE PERSONAL
Nombre de persona Farrán y Mayoral, J.
9 (RLIN) 48882
852 ## - LOCALIZACIÓN
Ubicación ES-MaACL
Número de control de estantería G-4934
Sublocalización o colección R.20469
Holdings
Estatus retirado Estado de pérdida Estado de daño No para préstamo Biblioteca de origen Biblioteca actual Ubicación en estantería Fecha de adquisición Fuente de adquisición Total de préstamos Signatura topográfica completa Código de barras Visto por última vez Precio de reemplazo Tipo de ítem Koha
        Biblioteca del Ateneo de Madrid Biblioteca del Ateneo de Madrid Depósito 2 17/01/2008     G-4934 1029334 23/02/2023 23/02/2023 Libro impreso